[Event "V. Korchnoi Memorial 2019"]
[Site "St. Petersburg"]
[Date "2019.08.20"]
[Round "7.10"]
[White "Sorokin, Aleksey"]
[Black "Palchun, Grigory"]
[Result "1-0"]
[WhiteElo "2537"]
[BlackElo "2368"]
[Annotator "ChessBase"]
[PlyCount "104"]
[EventDate "2019.08.13"]
[EventType "swiss"]
[EventCountry "RUS"]
[SourceTitle "playchess.com"]
[Source "ChessBase"]
[SourceQuality "1"]
[TimeControl "5400+30"]

1. d4 {[%emt 0:00:00]} Nf6 {[%emt 0:08:05]} 2. c4 {[%emt 0:00:00]} e6 {[%emt 0:00:05]} 3. Nc3 {[%emt 0:00:24]} Bb4 {[%emt 0:00:06]} 4. g3 {[%emt 0:00:28]} O-O {[%emt 0:06:30]} 5. Bg2 {[%emt 0:00:09]} d5 {[%emt 0:01:37]} 6. Nf3 {[%emt 0:00:30]} b6 {[%emt 0:10:35]} 7. O-O {[%emt 0:03:48]} Bb7 {[%emt 0:00:07]} 8. Ne5 {[%emt 0:01:58]} c6 {[%emt 0:03:44]} 9. Bg5 {[%emt 0:03:38]} Be7 {[%emt 0:07:29]} 10. Qa4 {[%emt 0:12:57]} Nfd7 {[%emt 0:04:17]} 11. Bxe7 {[%emt 0:03:00]} Qxe7 {[%emt 0:04:04]} 12. Nd3 {[%emt 0:00:19]} Na6 {[%emt 0:10:35]} 13. Rad1 {[%emt 0:03:02]} Rfd8 {[%emt 0:01:51]} 14. Rfe1 {[%emt 0:04:31]} Nc7 {[%emt 0:09:09]} 15. e4 {[%emt 0:02:50]} dxc4 {[%emt 0:06:15]} 16. Qxc4 {[%emt 0:01:05]} Ba6 {[%emt 0:00:40]} 17. Qb4 {[%emt 0:11:25]} c5 {[%emt 0:02:27]} 18. Qa3 {[%emt 0:00:26]} Bxd3 {[%emt 0:02:01]} 19. Rxd3 {[%emt 0:01:31]} Ne5 {[%emt 0:00:29]} 20. Rdd1 {[%emt 0:00:55]} Nc4 {[%emt 0:00:49]} 21. Qb3 {[%emt 0:00:20]} cxd4 {[%emt 0:01:41]} 22. Qxc4 {[%emt 0:04:13]} dxc3 {[%emt 0:00:04]} 23. Qxc3 {[%emt 0:00:27]} e5 {[%emt 0:01:08]} 24. Bf1 {[%emt 0:00:55]} Rac8 {[%emt 0:07:16]} 25. Rc1 {[%emt 0:05:47]} Ne8 {[%emt 0:03:51]} 26. Qxc8 {[%emt 0:01:04]} Rxc8 {[%emt 0:00:08]} 27. Rxc8 {[%emt 0:00:04]} h5 {[%emt 0:02:49]} 28. Bb5 {[%emt 0:11:15]} Qb4 {[%emt 0:00:09]} 29. Rxe8+ {[%emt 0:00:44]} Kh7 {[%emt 0:00:01]} 30. Re3 {[%emt 0:00:56]} Qxb5 {[%emt 0:00:06]} 31. Re7 {[%emt 0:00:17]} Qxb2 {[%emt 0:04:09]} 32. Rxa7 {[%emt 0:00:14]} f6 {[%emt 0:01:52]} 33. h3 {[%emt 0:00:20]} Kh6 {[%emt 0:00:18]} 34. Kg2 {[%emt 0:00:28]} Qc2 {[%emt 0:00:30]} 35. a3 {[%emt 0:00:49]} Qc6 {[%emt 0:00:13]} 36. Rf7 {[%emt 0:02:13]} Kg6 {[%emt 0:00:06]} 37. Rf8 {[%emt 0:00:29]} Qd7 {[%emt 0:00:23]} 38. Rh8 {[%emt 0:01:52]} Qc7 {[%emt 0:00:15]} 39. g4 {[%emt 0:03:08]} hxg4 {[%emt 0:00:01]} 40. Rg3 {[%emt 0:00:53]} f5 {[%emt 0:01:07]} 41. exf5+ {[%emt 0:00:40]} Kxf5 {[%emt 0:00:01]} 42. Rf8+ {[%emt 0:01:18]} Ke6 {[%emt 0:00:16]} 43. Rxg4 {[%emt 0:00:19]} Qc6+ {[%emt 0:00:43]} 44. Kh2 {[%emt 0:00:39]} Qc7 {[%emt 0:01:56]} 45. Rf3 {[%emt 0:00:34]} e4+ {[%emt 0:00:56]} 46. Rfg3 {[%emt 0:00:18]} Qc2 {[%emt 0:00:11]} 47. Kg2 {[%emt 0:00:21]} Kd6 {[%emt 0:01:42]} 48. Rg6+ {[%emt 0:00:32]} Ke5 {[%emt 0:00:39]} 49. Rxb6 {[%emt 0:00:39]} Qc7 {[%emt 0:00:27]} 50. Rbg6 {[%emt 0:00:25]} Qb7 {[%emt 0:00:14]} 51. Rxg7 {[%emt 0:00:12]} Qa8 {[%emt 0:00:03]} 52. Re3 {[%emt 0:00:34]} Kd5 {[%emt 0:01:50]} 1-0

[Event "V. Korchnoi Memorial 2019"]
[Site "St. Petersburg"]
[Date "2019.08.21"]
[Round "8.1"]
[White "Vokhidov, Shamsiddin"]
[Black "Kamsky, Gata"]
[Result "1/2-1/2"]
[WhiteElo "2512"]
[BlackElo "2673"]
[Annotator "TA"]
[PlyCount "85"]
[EventDate "2019.08.13"]
[EventType "swiss"]
[EventCountry "RUS"]
[SourceTitle "playchess.com"]
[Source "ChessBase"]
[SourceQuality "1"]

{[%evp 18,85,22,-4,-6,-13,34,32,30,28,56,53,47,54,53,35,10,4,6,11,18,0,0,0,28,0,57,56,48,72,64,17,18,18,18,16,16,11,22,10,10,10,20,4,6,6,8,0,8,0,0,0,0,0,0,0,0,0,0,0,0,0,0,0,0,0,0,0,0,0]} 1. e4 c5 2. Nf3 Nc6 3. Bb5 g6 4. O-O Bg7 5. Re1 Nf6 6. e5 Nd5 7. Nc3 {[%cal Bb1c3,Bc3e4,Be4f6][%mdl 32]} Nc7 8. Bxc6 dxc6 9. Ne4 b6 10. Nf6+ Kf8 {B31: Sicilian: 2...Nc6 3 Bb5 g6} 11. Ne4 h6 (11... Bg4 12. d3 Bxe5 13. Nxe5 Bxd1 14. Bh6+ Kg8 15. Nxc6 Bxc2 16. Nxc5 bxc5 17. Nxd8 Rxd8 18. Rxe7 Ne6 19. Re1 Ba4 20. Rxa7 {1-0 (58) Mamedov,R (2678)-Dubov,D (2677) Heraklio 2017}) 12. d3 Bg4 {White is slightly better.} 13. h3 Be6 $146 ({Predecessor:} 13... Bxf3 14. Qxf3 Ne6 15. Bf4 Qc7 16. Nd2 Rd8 17. Re4 Nd4 18. Qd1 Ne6 19. Qf3 Nd4 20. Qd1 {1-0 (34) Ristic,N (2432)-Mozetic,D (2442) Vrnjacka Banja 1999}) 14. b3 Kg8 15. Bb2 Kh7 16. d4 cxd4 17. Nxd4 Bd5 18. Qg4 c5 19. Nf3 Qc8 20. Qh4 Re8 21. Rad1 (21. c4 $5 {[%cal Rc4d5]} Bc6 22. Rad1 $11) 21... Qb7 (21... Kg8 $11) 22. c4 $14 Bxe4 $1 23. Ng5+ Kg8 24. Qxe4 (24. Nxe4 {is interesting.} Ne6 25. Nc3 Rad8 26. Nd5 b5 27. Bc3) 24... Qxe4 {The position is equal.} 25. Nxe4 Red8 26. f4 Ne6 27. g3 h5 28. h4 Kf8 29. Kf2 Ke8 30. Nc3 (30. a3 {feels hotter.} a5 31. Nc3 Rab8 32. Nd5 b5 33. Bc3) 30... Rxd1 31. Rxd1 Rd8 32. Nd5 Rd7 33. Kf3 Nd8 34. a3 e6 35. Nc3 Rxd1 36. Nxd1 $11 {[%mdl 4096] Endgame KBN-KBN} Nc6 37. Bc3 Bf8 38. Nf2 Be7 39. Nd3 Kd7 40. Ke4 a6 41. a4 Kc7 42. Nf2 Kd7 43. Kd3 {Accuracy: White = 52%, Black = 81%.} 1/2-1/2

[Event "V. Korchnoi Memorial 2019"]
[Site "St. Petersburg"]
[Date "2019.08.21"]
[Round "8.2"]
[White "Yatzenko, Anton"]
[Black "Zvjaginsev, Vadim"]
[Result "1/2-1/2"]
[WhiteElo "2360"]
[BlackElo "2639"]
[Annotator "TA"]
[PlyCount "80"]
[EventDate "2019.08.13"]
[EventType "swiss"]
[EventCountry "RUS"]
[SourceTitle "playchess.com"]
[Source "ChessBase"]
[SourceQuality "1"]

{[%evp 9,80,50,46,53,52,48,55,47,45,53,45,40,63,65,64,60,64,55,64,56,67,52,53,60,58,46,54,10,71,64,72,74,66,66,74,64,66,64,64,64,68,0,0,0,30,30,30,30,41,41,34,30,30,30,34,5,41,41,41,41,41,0,41,41,41,0,41,34,41,5,33,0,41]} 1. d4 Nf6 2. Nf3 c5 3. d5 d6 4. Nc3 a6 5. a4 e6 6. e4 {A43: Schmid Benoni} exd5 7. exd5 Bg4 8. h3 {White is slightly better.} Qe7+ $146 ({Predecessor:} 8... Bxf3 9. Qxf3 Be7 10. Be2 O-O 11. O-O Nbd7 12. a5 {1-0 (47) Kovalenko,I (2611)-Zvjaginsev,V (2671) Vladivostok 2012}) 9. Be3 Bxf3 $1 10. Qxf3 Nbd7 11. O-O-O O-O-O 12. g4 g6 13. Bd2 Re8 14. Bg2 Bg7 15. Rhe1 Ne5 16. Qe2 {[#] f4 is the strong threat.} Qd8 17. g5 Nh5 18. f4 (18. Ne4 $5 {[%cal Rf2f4]} Kb8 19. Kb1 $14) 18... Nd7 (18... Ng3 $1 $11 {remains equal.} 19. Qf2 Nc4) 19. Qd3 $16 Bxc3 20. Qxc3 ({Much worse is} 20. bxc3 $6 Qa5 $11) 20... Rxe1 21. Rxe1 Re8 22. Rxe8 Qxe8 23. Qe3 Qxe3 24. Bxe3 $14 {[%mdl 4096] Endgame KBB-KNN} b5 25. axb5 ({White should play} 25. a5 $1 $14) 25... axb5 $11 26. b4 c4 27. Bf3 f5 28. Kd2 Kd8 29. Ke2 Ke7 30. Kf2 Kf7 31. Be2 Ke7 32. Kf3 Ke8 33. Ba7 Kd8 34. Ke3 Ke7 35. Kf3 Kd8 36. Bd4 Ke7 37. Be3 Ke8 38. Bf2 Ke7 39. Bg1 Ke8 40. Ba7 Ke7 {Accuracy: White = 61%, Black = 56%.} 1/2-1/2

[Event "V. Korchnoi Memorial 2019"]
[Site "St. Petersburg"]
[Date "2019.08.21"]
[Round "8.3"]
[White "Iljiushenok, Ilia"]
[Black "Lobanov, Sergei"]
[Result "1/2-1/2"]
[WhiteElo "2533"]
[BlackElo "2495"]
[Annotator "ChessBase"]
[PlyCount "92"]
[EventDate "2019.08.13"]
[EventType "swiss"]
[EventCountry "RUS"]
[SourceTitle "playchess.com"]
[Source "ChessBase"]
[SourceQuality "1"]
[TimeControl "5400+30"]

1. e4 {[%emt 0:00:00]} e5 {[%emt 0:07:33]} 2. Nf3 {[%emt 0:00:00]} Nc6 {[%emt 0:00:06]} 3. Bb5 {[%emt 0:00:40]} a6 {[%emt 0:00:06]} 4. Ba4 {[%emt 0:00:39]} Nf6 {[%emt 0:00:47]} 5. O-O {[%emt 0:00:07]} Be7 {[%emt 0:00:53]} 6. d3 {[%emt 0:00:32]} b5 {[%emt 0:00:19]} 7. Bb3 {[%emt 0:00:05]} d6 {[%emt 0:00:05]} 8. a4 {[%emt 0:00:11]} b4 {[%emt 0:04:51]} 9. a5 {[%emt 0:01:02]} O-O {[%emt 0:00:39]} 10. h3 {[%emt 0:03:36]} Rb8 {[%emt 0:00:45]} 11. Nbd2 {[%emt 0:01:03]} Be6 {[%emt 0:00:36]} 12. Nc4 {[%emt 0:18:28]} Nd4 {[%emt 0:10:51]} 13. Nxd4 {[%emt 0:05:09]} exd4 {[%emt 0:00:01]} 14. Nd2 {[%emt 0:09:42]} d5 {[%emt 0:07:18]} 15. exd5 {[%emt 0:04:29]} Bxd5 {[%emt 0:00:13]} 16. Bc4 {[%emt 0:09:33]} Bb7 {[%emt 0:01:32]} 17. Re1 {[%emt 0:00:30]} Qd7 {[%emt 0:02:59]} 18. Ne4 {[%emt 0:04:15]} Nd5 {[%emt 0:03:25]} 19. Qh5 {[%emt 0:01:41]} f6 {[%emt 0:11:56]} 20. c3 {[%emt 0:04:19]} dxc3 {[%emt 0:02:12]} 21. bxc3 {[%emt 0:00:02]} Kh8 {[%emt 0:00:04]} 22. cxb4 {[%emt 0:01:58]} Bxb4 {[%emt 0:00:35]} 23. Rf1 {[%emt 0:07:29]} Rbe8 {[%emt 0:04:03]} 24. Rb1 {[%emt 0:10:30]} Re5 {[%emt 0:03:41]} 25. Qh4 {[%emt 0:00:54]} c5 {[%emt 0:02:10]} 26. Bd2 {[%emt 0:01:39]} Bxd2 {[%emt 0:04:04]} 27. Nxd2 {[%emt 0:01:13]} Nb4 {[%emt 0:03:21]} 28. Nb3 {[%emt 0:03:22]} Qc6 {[%emt 0:02:14]} 29. f3 {[%emt 0:00:04]} Nc2 {[%emt 0:00:26]} 30. Qf2 {[%emt 0:01:22]} Ne3 {[%emt 0:01:47]} 31. Rfe1 {[%emt 0:00:03]} Rfe8 {[%emt 0:02:44]} 32. Nd2 {[%emt 0:00:59]} Qc7 {[%emt 0:02:14]} 33. Rxe3 {[%emt 0:01:19]} Rxe3 {[%emt 0:00:09]} 34. Ne4 {[%emt 0:00:02]} Bxe4 {[%emt 0:03:01]} 35. Qxe3 {[%emt 0:00:11]} Bg6 {[%emt 0:00:04]} 36. Qd2 {[%emt 0:00:37]} Qd6 {[%emt 0:00:05]} 37. Rb6 {[%emt 0:01:42]} Qd4+ {[%emt 0:02:34]} 38. Kh2 {[%emt 0:00:35]} h6 {[%emt 0:00:32]} 39. Rxa6 {[%emt 0:01:05]} Rd8 {[%emt 0:04:46]} 40. Qe2 {[%emt 0:02:47]} Bxd3 {[%emt 0:02:08]} 41. Bxd3 {[%emt 0:00:03]} Qxd3 {[%emt 0:00:02]} 42. Qxd3 {[%emt 0:00:06]} Rxd3 {[%emt 0:00:03]} 43. Rc6 {[%emt 0:00:44]} Rc3 {[%emt 0:00:05]} 44. a6 {[%emt 0:00:06]} Ra3 {[%emt 0:01:01]} 45. Kg3 {[%emt 0:00:23]} c4 {[%emt 0:00:05]} 46. Rxc4 {[%emt 0:00:09]} Rxa6 {[%emt 0:00:05]} 1/2-1/2

[Event "V. Korchnoi Memorial 2019"]
[Site "St. Petersburg"]
[Date "2019.08.21"]
[Round "8.4"]
[White "Gareyev, Timur"]
[Black "Golubov, Saveliy"]
[Result "1/2-1/2"]
[WhiteElo "2600"]
[BlackElo "2478"]
[Annotator "TA"]
[PlyCount "101"]
[EventDate "2019.08.13"]
[EventType "swiss"]
[EventCountry "RUS"]
[SourceTitle "playchess.com"]
[Source "ChessBase"]
[SourceQuality "1"]

{[%evp 9,101,-6,13,16,24,19,25,30,16,20,25,29,46,36,35,43,54,45,60,47,52,39,104,104,98,96,114,113,108,108,102,105,107,100,101,71,134,133,138,88,75,85,58,83,89,53,105,-12,-22,-16,-10,-16,0,0,0,-260,0,0,0,0,0,-198,-197,-198,-198,-198,-198,-191,-184,-182,-155,-170,-170,-181,-170,-181,-170,-191,-168,-188,0,-186,-101,-101,-101,-101,-101,-101,-101,-101,-101,-101,-37,-51]} 1. c4 Nf6 2. g3 e6 3. Bg2 d5 4. Nf3 Be7 5. b3 (5. d4 O-O 6. Nc3 dxc4 7. Ne5 c5 8. dxc5 Qxd1+ 9. Nxd1 Bxc5 10. O-O Nc6 11. Bxc6 bxc6 12. Be3 Bb6 13. Bxb6 axb6 14. Nc3 Bd7 15. Rfd1 Rfd8 16. Nxc4 b5 17. Ne5 Be8 18. Rxd8 Rxd8 {1-0 (64) Giri,A (2797)-Jakovenko,D (2719) Shenzhen 2019}) 5... d4 6. e3 {A13: English Opening: 1...e6} Nc6 7. exd4 Nxd4 8. Bb2 {White has an edge.} Bc5 9. O-O O-O 10. Ne5 $146 ({Predecessor:} 10. Nc3 Nxf3+ 11. Bxf3 Bd4 12. Qc2 e5 13. Nd5 Nxd5 14. cxd5 Bxb2 15. Qxb2 {0-1 (54) Callenberg,R (2108)-Aepfler,C (2317) Bad Wiessee 2008}) 10... Nf5 11. Na3 Bd4 12. Bxd4 Nxd4 13. Nc2 c5 14. Re1 Rb8 15. Rb1 Ne8 ({Better is} 15... Nd7 $14) 16. b4 $16 f6 {[#] ...Nxc2 is the strong threat.} 17. Nd3 cxb4 18. Nxd4 ({Much worse is} 18. Ncxb4 $6 Nc7 $11) 18... Qxd4 19. Nxb4 {Threatens to win with Nc6!} Ra8 20. Re4 Qd8 21. c5 Nc7 22. d4 a5 (22... Bd7 $142) 23. Nd3 Bd7 24. Qb3 Bc6 25. Rxe6 $1 Nxe6 26. Qxe6+ Kh8 27. d5 Re8 28. Qd6 (28. Qf7 $16) 28... Qxd6 $11 29. cxd6 Bd7 $1 $36 {[%mdl 2048] Black has some pressure.} 30. Rxb7 Bf5 31. d7 $1 {[%cal Rd7e8]} Reb8 $1 {[%cal Rb8b7]} 32. Rxb8+ Rxb8 {[%mdl 4096] Endgame KRB-KBN} 33. Nc5 {[#] Strongly threatening Ne6.} Rd8 34. Nb7 $1 {[%cal Rb7d8]} Rxd7 35. Nxa5 $2 (35. d6 $1 $11) 35... Ra7 $19 36. Nc4 Rxa2 37. h4 Ra1+ 38. Kh2 Kg8 39. Ne3 Bd7 40. g4 Ra4 41. Kg3 Kf8 42. h5 Ke7 43. Bf1 Ra3 44. Kf4 Ra4+ 45. Kg3 $1 Kd6 (45... g6 $19 46. Bd3 Be8) 46. Bd3 $17 h6 47. Bf5 Bb5 48. Bc2 Ra7 49. Kf4 Bd7 50. f3 Ke7 (50... Kc5 $17 51. Bg6 Ra3) 51. Nf5+ {Accuracy: White = 76%, Black = 49%.} 1/2-1/2

[Event "V. Korchnoi Memorial 2019"]
[Site "St. Petersburg"]
[Date "2019.08.21"]
[Round "8.5"]
[White "Mokshanov, Alexey"]
[Black "Vorobiov, Evgeny E."]
[Result "1/2-1/2"]
[WhiteElo "2447"]
[BlackElo "2560"]
[Annotator "ChessBase"]
[PlyCount "73"]
[EventDate "2019.08.13"]
[EventType "swiss"]
[EventCountry "RUS"]
[SourceTitle "playchess.com"]
[Source "ChessBase"]
[SourceQuality "1"]
[TimeControl "5400+30"]

1. e4 {[%emt 0:00:00]} c5 {[%emt 0:00:00]} 2. Nf3 {[%emt 0:00:00]} g6 {[%emt 0:00:00]} 3. c3 {[%emt 0:00:00]} Bg7 {[%emt 0:00:04]} 4. d4 {[%emt 0:00:02]} cxd4 {[%emt 0:00:04]} 5. cxd4 {[%emt 0:00:02]} d5 {[%emt 0:00:05]} 6. e5 {[%emt 0:00:10]} a6 {[%emt 0:00:05]} 7. Bd3 {[%emt 0:08:08]} Nc6 {[%emt 0:01:23]} 8. O-O {[%emt 0:00:38]} f6 {[%emt 0:20:37]} 9. Nbd2 {[%emt 0:37:33]} fxe5 {[%emt 0:04:18]} 10. Nxe5 {[%emt 0:03:54]} Nxe5 {[%emt 0:03:40]} 11. dxe5 {[%emt 0:00:06]} Nh6 {[%emt 0:00:06]} 12. Qa4+ {[%emt 0:07:52]} Qd7 {[%emt 0:05:57]} 13. Qa3 {[%emt 0:04:49]} O-O {[%emt 0:05:55]} 14. f4 {[%emt 0:02:37]} b5 {[%emt 0:12:47]} 15. Qc5 {[%emt 0:05:36]} Bb7 {[%emt 0:03:48]} 16. Qd4 {[%emt 0:05:35]} Nf5 {[%emt 0:04:17]} 17. Bxf5 {[%emt 0:00:11]} Qxf5 {[%emt 0:01:24]} 18. Nb3 {[%emt 0:00:33]} Rac8 {[%emt 0:00:44]} 19. Qb6 {[%emt 0:01:39]} Ba8 {[%emt 0:01:50]} 20. Bd2 {[%emt 0:07:38]} Rc4 {[%emt 0:08:37]} 21. Rae1 {[%emt 0:01:34]} d4 {[%emt 0:04:32]} 22. Nxd4 {[%emt 0:04:21]} Qd3 {[%emt 0:00:42]} 23. Be3 {[%emt 0:00:21]} Bd5 {[%emt 0:02:08]} 24. b3 {[%emt 0:03:31]} Rc3 {[%emt 0:00:47]} 25. Rf2 {[%emt 0:00:36]} Rfc8 {[%emt 0:02:52]} 26. h3 {[%emt 0:00:56]} Bh6 {[%emt 0:01:37]} 27. Qxa6 {[%emt 0:00:55]} Qe4 {[%emt 0:01:08]} 28. Nf3 {[%emt 0:01:48]} e6 {[%emt 0:10:53]} 29. Bd2 {[%emt 0:00:19]} Qd3 {[%emt 0:00:10]} 30. Bxc3 {[%emt 0:00:15]} Qxc3 {[%emt 0:00:07]} 31. Rd2 {[%emt 0:01:51]} Ra8 {[%emt 0:02:41]} 32. Qb6 {[%emt 0:00:33]} Bxf3 {[%emt 0:01:50]} 33. Qxe6+ {[%emt 0:00:18]} Kh8 {[%emt 0:00:13]} 34. Qf6+ {[%emt 0:00:05]} Kg8 {[%emt 0:00:04]} 35. Qe6+ {[%emt 0:00:48]} Kh8 {[%emt 0:00:01]} 36. Qf6+ {[%emt 0:01:32]} Kg8 {[%emt 0:00:01]} 37. Qe6+ {[%emt 0:00:00]} 1/2-1/2

[Event "V. Korchnoi Memorial 2019"]
[Site "St. Petersburg"]
[Date "2019.08.21"]
[Round "8.6"]
[White "Lintchevski, Daniil"]
[Black "Samusenko, Maksim"]
[Result "1-0"]
[WhiteElo "2538"]
[BlackElo "2438"]
[Annotator "ChessBase"]
[PlyCount "175"]
[EventDate "2019.08.13"]
[EventType "swiss"]
[EventCountry "RUS"]
[SourceTitle "playchess.com"]
[Source "ChessBase"]
[SourceQuality "1"]
[TimeControl "5400+30"]

1. e4 {[%emt 1:30:30]} d6 {[%emt 1:30:30]} 2. d4 {[%emt 0:00:30]} Nf6 {[%emt 0:00:30]} 3. Nc3 {[%emt 0:00:30]} e5 {[%emt 0:00:30]} 4. dxe5 {[%emt 0:00:30]} dxe5 {[%emt 0:00:30]} 5. Qxd8+ {[%emt 0:00:30]} Kxd8 {[%emt 0:00:30]} 6. Bc4 {[%emt 0:00:30]} Ke8 {[%emt 0:00:30]} 7. Nf3 {[%emt 0:00:30]} Bd6 {[%emt 0:00:30]} 8. Bg5 {[%emt 0:00:30]} Nbd7 {[%emt 0:00:30]} 9. O-O-O {[%emt 0:00:30]} a6 {[%emt 0:00:30]} 10. a4 {[%emt 0:00:30]} h6 {[%emt 0:00:30]} 11. Bh4 {[%emt 0:00:30]} Kf8 {[%emt 0:00:30]} 12. Nd2 {[%emt 0:00:30]} g6 {[%emt 0:00:30]} 13. f3 {[%emt 0:00:30]} Kg7 {[%emt 0:00:30]} 14. Kb1 {[%emt 0:00:30]} Rb8 {[%emt 0:00:30]} 15. Be2 {[%emt 0:00:30]} Re8 {[%emt 0:00:30]} 16. Nc4 {[%emt 0:00:30]} Bb4 {[%emt 0:00:30]} 17. Na2 {[%emt 0:00:30]} Bf8 {[%emt 0:00:30]} 18. a5 {[%emt 0:00:30]} Nh5 {[%emt 0:00:30]} 19. Rhe1 {[%emt 0:00:30]} Nf4 {[%emt 0:00:30]} 20. Bf1 {[%emt 0:00:30]} b5 {[%emt 0:00:30]} 21. Ne3 {[%emt 0:00:30]} c5 {[%emt 0:00:30]} 22. Nc3 {[%emt 0:00:30]} c4 {[%emt 0:00:30]} 23. Ncd5 {[%emt 0:00:30]} Ne6 {[%emt 0:00:30]} 24. Ng4 {[%emt 0:00:30]} Ng5 {[%emt 0:00:30]} 25. Bg3 {[%emt 0:00:30]} Rb7 {[%emt 0:00:30]} 26. h4 {[%emt 0:00:30]} Nh7 {[%emt 0:00:30]} 27. h5 {[%emt 0:00:30]} Bc5 {[%emt 0:00:30]} 28. hxg6 {[%emt 0:00:30]} fxg6 {[%emt 0:00:30]} 29. Bf2 {[%emt 0:00:30]} Bf8 {[%emt 0:00:30]} 30. Be3 {[%emt 0:00:30]} h5 {[%emt 0:00:30]} 31. Bh6+ {[%emt 0:00:30]} Kf7 {[%emt 0:00:30]} 32. Bxf8 {[%emt 0:00:30]} Nhxf8 {[%emt 0:00:30]} 33. Nge3 {[%emt 0:00:30]} Nc5 {[%emt 0:00:30]} 34. g3 {[%emt 0:00:30]} Rd8 {[%emt 0:00:30]} 35. Bg2 {[%emt 0:00:30]} Rbd7 {[%emt 0:00:30]} 36. f4 {[%emt 0:00:30]} exf4 {[%emt 0:00:30]} 37. gxf4 {[%emt 0:00:30]} Re8 {[%emt 0:00:30]} 38. e5 {[%emt 0:00:30]} Bb7 {[%emt 0:00:30]} 39. Bh3 {[%emt 0:00:30]} Rdd8 {[%emt 0:00:30]} 40. Nf6 {[%emt 0:00:30]} Rxd1+ {[%emt 0:00:30]} 41. Rxd1 {[%emt 0:00:30]} Re7 {[%emt 0:00:30]} 42. Rd6 {[%emt 0:00:30]} Rc7 {[%emt 0:00:30]} 43. Ned5 {[%emt 0:00:30]} Rc6 {[%emt 0:00:30]} 44. e6+ {[%emt 0:00:30]} Nfxe6 {[%emt 0:00:30]} 45. Bxe6+ {[%emt 0:00:30]} Kg7 {[%emt 0:00:30]} 46. Rxc6 {[%emt 0:00:30]} Bxc6 47. Bh3 {[%emt 0:00:30]} Nb7 {[%emt 0:01:00]} 48. Kc1 {[%emt 0:00:30]} Nxa5 {[%emt 0:00:30]} 49. Kd2 Nb7 {[%emt 0:00:30]} 50. Ke3 {[%emt 0:01:00]} a5 {[%emt 0:00:30]} 51. Kd4 {[%emt 0:00:30]} Nd6 {[%emt 0:00:30]} 52. c3 {[%emt 0:00:30]} b4 {[%emt 0:00:30]} 53. cxb4 {[%emt 0:00:30]} axb4 54. Nxb4 {[%emt 0:00:30]} Kxf6 {[%emt 0:01:00]} 55. Nxc6 {[%emt 0:00:30]} g5 {[%emt 0:00:30]} 56. fxg5+ {[%emt 0:00:30]} Kxg5 {[%emt 0:00:30]} 57. Ne5 {[%emt 0:00:30]} c3 {[%emt 0:00:30]} 58. Kxc3 {[%emt 0:00:30]} Kf4 {[%emt 0:00:30]} 59. Nc4 {[%emt 0:00:30]} Nb5+ {[%emt 0:00:30]} 60. Kd3 {[%emt 0:00:30]} h4 {[%emt 0:00:30]} 61. Bd7 {[%emt 0:00:30]} Nc7 {[%emt 0:00:30]} 62. b4 {[%emt 0:00:30]} Na6 {[%emt 0:00:30]} 63. Kc3 Kg3 {[%emt 0:00:30]} 64. b5 {[%emt 0:01:00]} Nc7 {[%emt 0:00:30]} 65. Kd2 {[%emt 0:00:30]} Nxb5 {[%emt 0:00:30]} 66. Bxb5 {[%emt 0:00:30]} h3 {[%emt 0:00:30]} 67. Ke2 {[%emt 0:00:30]} Kg2 {[%emt 0:00:30]} 68. Bc6+ {[%emt 0:00:30]} Kg1 {[%emt 0:00:30]} 69. Ne5 {[%emt 0:00:30]} h2 {[%emt 0:00:30]} 70. Nf3+ {[%emt 0:00:30]} Kg2 {[%emt 0:00:30]} 71. Ng5+ {[%emt 0:00:30]} Kg3 {[%emt 0:00:30]} 72. Bh1 {[%emt 0:00:30]} Kf4 {[%emt 0:00:30]} 73. Nf3 {[%emt 0:00:30]} Kg3 {[%emt 0:00:30]} 74. Ke3 {[%emt 0:00:30]} Kg4 {[%emt 0:00:30]} 75. Nxh2+ {[%emt 0:00:30]} Kf5 {[%emt 0:00:30]} 76. Be4+ {[%emt 0:00:30]} Kg5 {[%emt 0:00:30]} 77. Nf3+ {[%emt 0:00:30]} Kg4 {[%emt 0:00:30]} 78. Bg6 {[%emt 0:00:30]} Kg3 {[%emt 0:00:30]} 79. Bf5 {[%emt 0:00:30]} Kg2 {[%emt 0:00:30]} 80. Kf4 {[%emt 0:00:30]} Kf2 {[%emt 0:00:30]} 81. Bd3 {[%emt 0:00:30]} Kg2 {[%emt 0:00:30]} 82. Ne1+ {[%emt 0:00:30]} Kf2 {[%emt 0:00:30]} 83. Nc2 {[%emt 0:00:30]} Kg2 {[%emt 0:00:30]} 84. Be2 {[%emt 0:00:30]} Kh3 {[%emt 0:00:30]} 85. Ne3 {[%emt 0:00:30]} Kh4 {[%emt 0:00:30]} 86. Nf5+ {[%emt 0:00:30]} Kh3 {[%emt 0:00:30]} 87. Kf3 {[%emt 0:00:30]} Kh2 {[%emt 0:00:30]} 88. Bf1 {[%emt 0:00:30]} 1-0

[Event "V. Korchnoi Memorial 2019"]
[Site "St. Petersburg"]
[Date "2019.08.21"]
[Round "8.7"]
[White "Sichinava, Zviad"]
[Black "Sorokin, Aleksey"]
[Result "1-0"]
[WhiteElo "2257"]
[BlackElo "2537"]
[Annotator "ChessBase"]
[PlyCount "83"]
[EventDate "2019.08.13"]
[EventType "swiss"]
[EventCountry "RUS"]
[SourceTitle "playchess.com"]
[Source "ChessBase"]
[SourceQuality "1"]
[TimeControl "5400+30"]

1. d4 {[%emt 0:00:00]} Nf6 {[%emt 0:00:00]} 2. c4 {[%emt 0:00:00]} g6 {[%emt 0:00:26]} 3. Nc3 {[%emt 0:00:51]} d5 {[%emt 0:00:13]} 4. cxd5 {[%emt 0:00:35]} Nxd5 {[%emt 0:00:10]} 5. Qa4+ {[%emt 0:00:35]} Nc6 {[%emt 0:07:17]} 6. Nf3 {[%emt 0:00:11]} Bg7 {[%emt 0:02:57]} 7. e4 {[%emt 0:00:11]} Nb6 {[%emt 0:02:25]} 8. Qc2 {[%emt 0:00:05]} e5 {[%emt 0:27:43]} 9. d5 {[%emt 0:03:07]} Nd4 {[%emt 0:03:00]} 10. Nxd4 {[%emt 0:01:15]} exd4 {[%emt 0:00:07]} 11. Nb5 {[%emt 0:08:46]} c6 {[%emt 0:00:46]} 12. dxc6 {[%emt 0:00:05]} O-O {[%emt 0:00:19]} 13. c7 {[%emt 0:23:20]} Qf6 {[%emt 0:02:02]} 14. f4 {[%emt 0:01:50]} Qh4+ {[%emt 0:11:44]} 15. g3 {[%emt 0:00:45]} Qe7 {[%emt 0:00:18]} 16. e5 {[%emt 0:22:14]} Bd7 {[%emt 0:03:54]} 17. Nxd4 {[%emt 0:07:35]} f6 {[%emt 0:00:21]} 18. Qb3+ {[%emt 0:02:21]} Rf7 {[%emt 0:07:15]} 19. e6 {[%emt 0:00:04]} Ba4 {[%emt 0:04:07]} 20. Qe3 {[%emt 0:04:08]} Rff8 {[%emt 0:00:12]} 21. f5 {[%emt 0:00:11]} Qxc7 {[%emt 0:03:03]} 22. Bg2 {[%emt 0:03:05]} Nc4 {[%emt 0:03:02]} 23. Qc3 {[%emt 0:02:30]} Rfd8 {[%emt 0:02:00]} 24. b3 {[%emt 0:04:08]} Qb6 {[%emt 0:04:47]} 25. bxc4 {[%emt 0:05:21]} Qxd4 {[%emt 0:01:26]} 26. Qxd4 {[%emt 0:00:28]} Rxd4 {[%emt 0:00:03]} 27. Bxb7 {[%emt 0:00:32]} Rad8 {[%emt 0:00:50]} 28. e7 {[%emt 0:03:40]} Re8 {[%emt 0:00:44]} 29. Bd5+ {[%emt 0:00:06]} Rxd5 {[%emt 0:00:55]} 30. cxd5 {[%emt 0:00:05]} Rxe7+ {[%emt 0:00:03]} 31. Kf2 {[%emt 0:00:43]} Rd7 {[%emt 0:00:15]} 32. Rb1 {[%emt 0:01:08]} gxf5 {[%emt 0:00:17]} 33. Rb4 {[%emt 0:02:30]} Bc2 {[%emt 0:00:11]} 34. Rd4 {[%emt 0:00:14]} Bf8 {[%emt 0:00:43]} 35. Be3 {[%emt 0:00:11]} Bc5 {[%emt 0:01:16]} 36. Rc4 {[%emt 0:01:15]} Bxe3+ {[%emt 0:00:15]} 37. Kxe3 {[%emt 0:00:03]} Be4 {[%emt 0:00:04]} 38. Rd1 {[%emt 0:00:11]} Bxd5 {[%emt 0:00:15]} 39. Rc8+ {[%emt 0:00:23]} Kf7 {[%emt 0:00:32]} 40. Kf4 {[%emt 0:00:04]} Ke6 {[%emt 0:00:20]} 41. Rc5 {[%emt 0:01:08]} a6 {[%emt 0:01:19]} 42. Ra5 {[%emt 0:00:53]} 1-0